000 00310nam a22001457a 4500
020 _a0-439-56680-0
082 _a001
_bKEE/S
100 _aKEENAN, SHELLA
245 _a100 MATH ACTIVITIES
260 _aNES YORK
_bSCHOLASTIC INC
_c2004
300 _a224
520 _aMATHS
650 _aMATHS
942 _cBK
999 _c6668
_d6668